| 000 | 00817nam a2200265Ia 4500 | ||
|---|---|---|---|
| 003 | OSt | ||
| 005 | 20220926005227.0 | ||
| 006 | a|||||r|||| 00| 0 | ||
| 007 | ta | ||
| 008 | 220923b |||||||| |||| 00| 0 eng d | ||
| 020 | _a0761933395 | ||
| 037 | _cGeneral Book | ||
| 040 |
_aRTL _cRTL _beng |
||
| 041 |
_2eng _aeng |
||
| 082 | _aX:770gF.2.P, P5 | ||
| 100 |
_aSaith Ashwani _9267931 |
||
| 245 | 0 |
_aICTs and Indian economic development _b Economy , work ,regulation |
|
| 260 |
_a New Delhi _bSage Publications India _c2005 |
||
| 300 |
_a474p. _ccm. |
||
| 500 | _aBibliography chapterwise | ||
| 650 |
_aEconomic Development _917300 |
||
| 700 |
_a Vijayabaskar M Ed. _9309892 |
||
| 942 |
_hX:770gF.2.P, P5 _cGB _2CC |
||
| 999 |
_c613223 _d613223 |
||